Statistics for Symbols to Elements Practice

Click here to take the quiz!

General Stats

  • This quiz has been taken 110 times
  • The average score is 38 of 52

Answer Stats

Atomic SymbolAnswer% Correct
HeHelium
100%
HHydrogen
100%
LiLithium
100%
CCarbon
94%
MgMagnesium
94%
OOxygen
94%
NaSodium
94%
FeIron
89%
NeNeon
89%
NNitrogen
89%
ZnZinc
89%
BBoron
86%
KPotassium
86%
ClChlorine
83%
FFluorine
83%
SiSilicon
83%
XeXenon
83%
ArArgon
81%
BeBeryllium
81%
CaCalcium
81%
AuGold
81%
AgSilver
81%
AlAluminum
78%
NiNIckel
78%
UUranium
78%
CuCopper
75%
SSulfur
75%
TiTitanium
75%
BrBromine
72%
CoCobalt
72%
KrKrypton
72%
PPhosphorus
72%
IIodine
69%
PbLead
69%
SeSelenium
67%
BaBarium
64%
CdCadmium
64%
MnManganese
64%
RbRubidium
64%
AsArsenic
61%
CrChromium
61%
BiBismuth
58%
HgMercury
58%
RnRadon
58%
WTungsten
58%
FrFrancium
56%
SrStrontium
53%
SnTin
53%
RaRadium
50%
CsCaesium
44%
PtPlatinum
44%
SbAntimony
42%

Score Distribution

Percentile by Number Answered

Percent of People with Each Score

Your Score History

You have not taken this quiz